Sports Quiz

Random Sports or NBA Quiz
Score 0/150 Timer 14:00
0 Plays Today
Hint Player % Correct
DENJ.R. Smith
75.6%
NYKJ.R. Smith
75.6%
MINCraig Smith
75.3%
PHILouis Williams
72.8%
BRKAaron Williams
72.7%
TORAmir Johnson
68.3%
MILErvin Johnson
68.3%
ATLJamal Crawford
66.7%
SASManu Ginobili
65.6%
PORJarrett Jack
61.6%
MIAJames Jones
60.8%
CLEDamon Jones
60.7%
INDFred Jones
60.7%
MEMDahntay Jones
60.7%
MEMMike Miller
60.7%
SACBobby Jackson
60.4%
DALJason Terry
60.2%
BOSTony Allen
58.5%
BOSGlen Davis
58.3%
GSWDraymond Green
53.8%
PHIWillie Green
53.7%
SACDonte Green
53.7%
CHIBen Gordon
46.5%
WASEtan Thomas
46.1%
NYKShandon Anderson
45.4%
MIAUdonis Haslem
45.1%
OKCNick Collison
45.1%
CHITaj Gibson
44.7%
CLEDaniel Gibson
44.6%
NYKNate Robinson
42.7%
OKCJames Harden
42.2%
CHADerrick Brown
40.9%
NOPRasual Butler
37.9%
CHITyson Chandler
36.5%
LACQuentin Richardson
35.3%
CLEAnderson Varejao
35.2%
NYKMalik Rose
34%
SASMalik Rose
34%
WASNick Young
33.7%
BRKLucious Harris
33.7%
PHIThaddeus Young
33.6%
SACHedo Turkoglu
32.1%
PHOLeandro Barbosa
31.4%
MIANorris Cole
30.8%
ATLMaurice Evans
28.8%
SASMatt Bonner
28.8%
DENChris Andersen
28.3%
PHOMarkieff Morris
28%
LALDevean George
27.5%
LALRobert Horry
26.9%
Hint Player % Correct
SASRobert Horry
26.9%
DETWill Bynum
26.5%
MILCharlie Bell
25.7%
ORLJ.J. Redick
24.3%
DALJose Barea
24%
MINJose Barea
24%
PHOGoran Dragic
23.4%
MIAJoel Anthony
23.4%
UTAC.J. Miles
23%
UTAPaul Millsap
22.9%
TORMorris Peterson
21.7%
ORLMarcin Gortat
21.4%
INDJeff Foster
21.1%
DALJerry Stackhouse
21%
INDAl Harrington
20.6%
ATLSalim Stoudamire
20.5%
TORJose Calderon
19.8%
NOPJames Posey
18.8%
DETAntonio McDyess
18.7%
NOPJulian Wright
18.4%
DALShawn Bradley
18.4%
BOSEddie House
18.3%
MIAEddie House
18.3%
UTAJarron Collins
17.9%
ATLZaza Pachulia
17.1%
LACEric Bledsoe
16.8%
UTAMatt Harpring
16.7%
LALJordan Farmar
16.2%
CHAD.J. Augustin
16%
HOUDikembe Mutombo
16%
DETCorliss Williamson
15%
GSWAndris Biedrins
14.8%
PHOJared Dudley
14.7%
MEMEarl Watson
14.6%
OKCEarl Watson
14.6%
DETCharlie Villanueva
14.4%
SASBrent Barry
14.4%
NOPHilton Armstrong
14.3%
PORRuben Patterson
14.2%
HOUChuck Hayes
13.7%
PHIAaron McKie
13.2%
MEMStromile Swift
12.9%
CHAMatt Carroll
12.9%
LALSasha Vujacic
12.8%
MILErsan Ilyasova
12.1%
PHIJohn Salmons
11.4%
WASAndray Blatche
11%
TORKris Humphries
10.9%
UTARonnie Price
10.7%
DETJason Maxiell
10.4%
Hint Player % Correct
OKCVladimir Radmanovic
9.3%
BOSBrian Scalabrine
9.3%
BRKBrian Scalabrine
9.3%
CHIAndres Nocioni
9.1%
CHABismack Biyombo
9%
CHAJamaal Magloire
8.8%
INDTyler Hansbrough
8.7%
ATLJosh Childress
8.6%
PORTravis Outlaw
8.4%
CLEDeSagana Diop
8.1%
GSWAdonal Foyle
7.9%
INDAustin Croshere
7.9%
GSWMickael Pietrus
7.8%
DENEarl Boykins
7.6%
PORRudy Fernandez
7.6%
SACFrancisco Garcia
7.5%
MILToni Kukoc
7%
WASKevin Seraphin
6.5%
OKCDamien Wilkins
6.5%
MINMark Madsen
6.4%
NYKCharlie Ward
6.2%
CLESasha Pavlovic
6.1%
LACChris Wilcox
5.9%
HOUChase Budinger
5.8%
LALBrian Cook
5.4%
ORLPat Garrity
5.1%
HOUMoochie Norris
5%
BOSWalter McCarty
4.7%
DALEduardo Najera
4.7%
DENEduardo Najera
4.7%
CHIMarcus Fizer
4.6%
DENLinas Kleiza
4.6%
MILDan Gadzuric
4.6%
SACJimmer Fredette
4.6%
LACKeyon Dooling
4.5%
ORLKeyon Dooling
4.5%
WASJuan Dixon
4.2%
MEMHakim Warrick
3.9%
BRKJosh Boone
3.8%
MINRashad McCants
3.7%
HOULuther Head
3.4%
PORSergio Rodriguez
3.3%
TORJoey Graham
3.3%
NOPJannero Pargo
3.1%
BRKBostjan Nachbar
2%
MINGary Trent
1.8%
GSWCalbert Cheaney
1.7%
LACSean Rooks
1.6%
ORLAndrew DeClercq
1.5%
PHOCasey Jacobsen
1.1%
Remove Ads.
Support Sporcle.
Get the best of Sporcle when you Go Orange. This ad-free experience offers more features, more stats, and more fun while also helping to support Sporcle. Thank you for becoming a member.

You're not logged in!

Compare scores with friends on all Sporcle quizzes.
OR
Log In

Show Comments

Extras

Top Quizzes Today


Score Distribution

Your Account Isn't Verified!

In order to create a playlist on Sporcle, you need to verify the email address you used during registration. Go to your Sporcle Settings to finish the process.

Report this User

Report this user for behavior that violates our Community Guidelines.

Details: